Exploration and exploitation in early stage ventures and SMEs /

Bibliographic Details
Other Authors: Stettner, Uriel, (Editor), Aharonson, Barak S., (Editor), Amburgey, Terry L., (Editor), Bezemer, Meriam, (Contributor)
Format: eBook
Language:English
Published: Bingley, [England] : Emerald, 2014.
Edition:First edition.
Series:Technology, innovation, entrepreneurship, and competitive strategy series ; Volume 14.
Subjects:
Online Access:Click to View
LEADER 02343nam a2200505 i 4500
001 EBC1725937
003 MiAaPQ
005 20200903223051.0
006 m o d |
007 cr cnu||||||||
008 140710t20142014enk ob 000 0 eng d
020 |z 9781783506552 
020 |a 9781783506569  |q (electronic bk.) 
035 |a (MiAaPQ)EBC1725937 
035 |a (Au-PeEL)EBL1725937 
035 |a (CaPaEBR)ebr10887977 
035 |a (CaONFJC)MIL624288 
035 |a (OCoLC)882778478 
040 |a MiAaPQ  |b eng  |e rda  |e pn  |c MiAaPQ  |d MiAaPQ 
050 4 |a HD30.28  |b .E975 2014 
082 0 |a 658.4012  |2 19 
245 0 0 |a Exploration and exploitation in early stage ventures and SMEs /  |c edited by Uriel Stettner, Barak S. Aharonson, Terry L. Amburgey ; Meriam Bezemer [and twenty-seven others], contributors. 
250 |a First edition. 
264 1 |a Bingley, [England] :  |b Emerald,  |c 2014. 
264 4 |c 2014 
300 |a 1 online resource (383 pages). 
336 |a text  |2 rdacontent 
337 |a computer  |2 rdamedia 
338 |a online resource  |2 rdacarrier 
490 1 |a Technology, Innovation, Entrepreneurship and Competitive Strategy,  |x 1479-067X ;  |v Volume 14 
504 |a Includes bibliographical references at the end of each chapters. 
588 |a Description based on online resource; title from PDF title page (ebrary, viewed July 10, 2014). 
590 |a Electronic reproduction. Ann Arbor, MI : ProQuest, 2016. Available via World Wide Web. Access may be limited to ProQuest affiliated libraries. 
650 0 |a Business planning. 
650 0 |a Entrepreneurship. 
650 0 |a New business enterprises. 
655 4 |a Electronic books. 
700 1 |a Stettner, Uriel,  |e editor. 
700 1 |a Aharonson, Barak S.,  |e editor. 
700 1 |a Amburgey, Terry L.,  |e editor. 
700 1 |a Bezemer, Meriam,  |e contributor. 
776 0 8 |i Print version:  |t Exploration and exploitation in early stage ventures and SMEs.  |b First edition.  |d Bingley, [England] : Emerald, c2014   |h xi, 370 pages   |k Technology, innovation, entrepreneurship, and competitive strategy series ; Volume 14.  |z 9781783506552 
797 2 |a ProQuest (Firm) 
830 0 |a Technology, innovation, entrepreneurship, and competitive strategy series ;  |v Volume 14. 
856 4 0 |u https://ebookcentral.proquest.com/lib/matrademy/detail.action?docID=1725937  |z Click to View